000 01809nam a22002537a 4500
003 GR-AtMCL
005 20250903101701.0
008 b |||||||e |||| 00| 0 eng |
020 _a9781847887832
040 _aGR-AtMCL
_bgre
_dGR-AtMCL
_eAACR2
245 0 0 _aFashion and art
_cedited by Adam Geczy and Vicki Karaminas.
260 _aLondon :
_bBerg,
_c2012.
300 _a223 p.:
_bill. ;
_c23 cm
504 _aIncludes bibliographical references and index.
520 _aFor at least two centuries, fashion and art have maintained a competitive love-hate relationship. Both fashion and art construct imaginary worlds, and use a language of style to invigorate beliefs, perceptions and ideas. Until now the crossovers of fashion and art have received only scattered treatment and suffered from a dearth of theorization. As an attempt to theorize the area, this collection of new and updated essays is the most well-rounded and authoritative to date. Some of the world's foremost scholars in the field are assembled here to explore the art-fashion nexus in numerous ways: from aesthetics and performance to masquerade and media. Original and inspiring, this book will not only secure 'art-fashion' as a discrete area of study, but also suggest new critical pathways for exploring their continuing cross-pollination. Fashion and Art is essential reading for students and scholars of fashion, art history and theory, cultural studies and related fields.
588 _aDescription based on print version record.
650 0 _aFashion
_99926
650 0 _aFashion and art
_xHistory
_910078
700 1 _aKaraminas, Vicki.
_4340
700 _aGeczy, Adam
_4340
_910079
776 0 8 _iPrint version:
_tFashion and art.
_dLondon : Berg, 2012
_z9781847887849
_w(OCoLC)820902482.
942 _cBK
999 _c9919
_d9919